[Event "4th Stage Russian Cup"]
[Site "Samara RUS"]
[Date "2002.07.27"]
[Round "2"]
[White "Ovetchkin,R"]
[Black "Matveeva,S"]
[Result "1/2-1/2"]
[WhiteElo "2557"]
[BlackElo "2448"]
[EventDate "2002.07.26"]

1. Nf3 Nf6 2. c4 g6 3. Nc3 d5 4. Qa4+ Nc6 5. Nd4 Qd7 6. cxd5 Nxd5 7. Nxd5
Qxd5 8. Nxc6 Qxc6 9. Qxc6+ bxc6 10. g3 Bg7 11. Bg2 Rb8 12. Bxc6+ Bd7 13.
Bxd7+ Kxd7 14. Rb1 a5 15. b3 a4 16. Bb2 Bxb2 17. Rxb2 axb3 18. axb3 Rb5 19.
Kd1 h5 20. h4 Rf5 21. f4 Rc5 22. d3 Rb8 23. Kd2 Ke6 24. e4 Rcb5 25. Kc3
Rc5+ 26. Kd4 Rc6 27. b4 Rd8+ 28. Ke3 Rb8 29. Rd1 f6 30. b5 Rcb6 1/2-1/2

[Event "4th Stage Russian Cup"]
[Site "Samara RUS"]
[Date "2002.07.27"]
[Round "2"]
[White "Dyachkov,S"]
[Black "Bryzgalin,K"]
[Result "1/2-1/2"]
[WhiteElo "2549"]
[BlackElo "2446"]
[EventDate "2002.07.26"]

1. d4 d5 2. c4 c6 3. Nf3 Nf6 4. Nc3 a6 5. c5 g6 6. Bf4 Bg7 7. h3 O-O 8. e3
Nfd7 9. e4 dxe4 10. Nxe4 Nf6 11. Nxf6+ exf6 12. Be2 a5 13. O-O Na6 14. Bd6
Re8 15. Nd2 Be6 16. Nc4 Nc7 17. Nb6 Ra7 18. Re1 Nd5 19. Nc4 b5 20. cxb6
Nxb6 21. Bc5 Bxc4 22. Bxc4 Rxe1+ 23. Qxe1 Bf8 24. Bf1 Bxc5 25. dxc5 Nd5 26.
Bc4 Re7 27. Qd1 Re5 28. Qd2 Qe7 29. Qxa5 Nf4 30. Rd1 Kg7 31. Qd2 Re4 32. b3
Qxc5 33. Qd7 Re7 34. Qg4 Nd5 35. Bxd5 cxd5 36. Qd4 Re1+ 37. Kh2 Qc7+ 38. g3
Rxd1 39. Qxd1 Qc5 40. Kg2 d4 41. Kf1 h5 42. h4 g5 43. Qd3 Kh6 44. Qc4 Qb6
45. Qd3 Qc5 46. Ke2 Qe5+ 1/2-1/2

[Event "4th Stage Russian Cup"]
[Site "Samara RUS"]
[Date "2002.07.27"]
[Round "2"]
[White "Frolyanov,D"]
[Black "Yevseev,D"]
[Result "1/2-1/2"]
[WhiteElo "2448"]
[BlackElo "2546"]
[EventDate "2002.07.26"]

1. e4 c5 2. Nf3 d6 3. d4 cxd4 4. Nxd4 Nf6 5. Nc3 g6 6. Be2 Bg7 7. O-O O-O
8. Re1 Nc6 9. Nb3 Bd7 10. Bf1 Rc8 11. Nd5 Nxd5 12. exd5 Ne5 13. Bg5 Re8 14.
c3 b5 15. Nd4 Qb6 16. Qb3 Rc5 17. Rad1 h6 18. Bh4 g5 19. Bg3 Nc4 20. h4
Rxd5 21. a4 gxh4 22. Bxh4 Re5 23. Rxe5 Nxe5 24. axb5 Ng6 25. Bg3 e5 26. Nf3
Be6 27. Bc4 Bxc4 28. Qxc4 Rb8 29. Nh4 Nxh4 30. Bxh4 Qxb5 31. Qg4 h5 32.
Qxh5 Qxb2 33. Qg4 Qc2 1/2-1/2

[Event "4th Stage Russian Cup"]
[Site "Samara RUS"]
[Date "2002.07.27"]
[Round "2"]
[White "Egorov,E"]
[Black "Vaulin,A"]
[Result "0-1"]
[WhiteElo "2444"]
[BlackElo "2544"]
[EventDate "2002.07.26"]

1. e4 c5 2. Nf3 d6 3. Nc3 a6 4. g3 b5 5. Bg2 Bb7 6. d3 g6 7. O-O Bg7 8. Ng5
h6 9. Nh3 e6 10. f4 Ne7 11. Be3 Nbc6 12. Qd2 Qa5 13. a3 f5 14. Rae1 Qc7 15.
b4 cxb4 16. axb4 Nd4 17. e5 dxe5 18. fxe5 Bxe5 19. Bf4 Bxf4 20. Nxf4 Bxg2
21. Nxe6 Nxe6 22. Rxe6 Bb7 23. Rfe1 Rh7 24. Qe3 O-O-O 25. Qc5 Qxc5+ 26.
bxc5 Nc6 27. Ne2 g5 0-1

[Event "4th Stage Russian Cup"]
[Site "Samara RUS"]
[Date "2002.07.27"]
[Round "2"]
[White "Belozerov,A"]
[Black "Obukhov,A"]
[Result "0-1"]
[WhiteElo "2541"]
[BlackElo "2444"]
[EventDate "2002.07.26"]

1. d4 Nf6 2. c4 e6 3. Nc3 Bb4 4. e3 b6 5. Nge2 c5 6. a3 Ba5 7. f3 O-O 8. d5
Bb7 9. Kf2 exd5 10. cxd5 b5 11. e4 a6 12. Be3 d6 13. g4 Nbd7 14. Ng3 c4 15.
g5 Ne8 16. Nce2 Ne5 17. Nd4 Bc8 18. Ngf5 Bd7 19. f4 Ng6 20. h4 Bb6 21. Bh3
Ne7 22. h5 Nxf5 23. Nxf5 Bxf5 24. Bxf5 Bxe3+ 25. Kxe3 f6 26. g6 h6 27. Be6+
Kh8 28. Qd4 Nc7 29. Bf5 Qe7 30. Rhc1 Rfb8 31. Kf3 a5 32. a4 bxa4 33. Rxc4
Na6 34. Raxa4 Nc5 35. Ra3 a4 36. Re3 Rb5 37. Rb4 Qb7 38. Rxb5 Qxb5 39. Re2
a3 40. bxa3 Rxa3+ 41. Re3 Qf1+ 42. Kg3 Qg1+ 43. Kf3 Ra2 44. Re2 Qh1+ 45.
Ke3 Ra3+ 46. Kf2 Rf3+ 0-1

[Event "4th Stage Russian Cup"]
[Site "Samara RUS"]
[Date "2002.07.27"]
[Round "2"]
[White "Temirbaev,S"]
[Black "Smirnov,P"]
[Result "1/2-1/2"]
[WhiteElo "2433"]
[BlackElo "2539"]
[EventDate "2002.07.26"]

1. d4 d5 2. c4 c6 3. Nf3 Nf6 4. e3 Bf5 5. Nc3 e6 6. Bd3 Bxd3 7. Qxd3 Nbd7
8. O-O Bb4 9. b3 O-O 10. Bb2 a5 11. Rfd1 Qe7 12. a3 Bxc3 13. Bxc3 Ne4 14.
Be1 Rfc8 15. Nd2 Nxd2 16. Qxd2 a4 17. Rdb1 Ra6 18. bxa4 Nb6 19. cxd5 exd5
20. a5 Nc4 21. Qb4 Rc7 22. Qxe7 Rxe7 23. g4 Nxa5 24. Bxa5 Rxa5 25. Rb6 f6
26. Rab1 Ra7 27. a4 Kf7 28. a5 Rc7 29. Kg2 Ke6 30. Ra1 Kd6 1/2-1/2

[Event "4th Stage Russian Cup"]
[Site "Samara RUS"]
[Date "2002.07.27"]
[Round "2"]
[White "Iljushin,A"]
[Black "Khismatullin,D"]
[Result "1-0"]
[WhiteElo "2526"]
[BlackElo "2428"]
[EventDate "2002.07.26"]

1. d4 Nf6 2. c4 g6 3. Nc3 Bg7 4. e4 d6 5. f3 O-O 6. Nge2 Nbd7 7. Bg5 a6 8.
Qd2 c6 9. Rd1 b5 10. Nc1 e5 11. d5 b4 12. N3e2 cxd5 13. cxd5 a5 14. Ng3 Qb6
15. Nd3 Ba6 16. Be3 Qb7 17. Be2 Ne8 18. Nf2 Bxe2 19. Nxe2 f5 20. exf5 gxf5
21. f4 Nef6 22. O-O Nb6 23. Ng3 Nfxd5 24. Bxb6 Nxf4 25. Nd3 Qxb6+ 26. Kh1
Qd4 27. Nxf4 Qxd2 28. Rxd2 exf4 29. Ne2 Rfe8 30. Nxf4 Re4 31. g3 Rae8 32.
Kg2 Re1 33. Rff2 Ra1 34. b3 Be5 35. Nd5 Kf7 36. Rxf5+ Ke6 37. Rh5 Rh8 38.
Nb6 Kf6 39. Nc4 Kg6 40. g4 Ra8 41. Nxe5+ dxe5 42. Rxe5 a4 43. Rb5 axb3 44.
axb3 Rb1 45. Rxb4 Ra6 46. h4 Rc6 47. Rb5 Re1 48. Rf2 Re4 49. Kg3 Re3+ 50.
Rf3 Re1 51. h5+ Kg7 52. g5 Rc7 53. Rb6 Rg1+ 54. Kh2 Rgc1 55. Rd6 R7c2+ 56.
Kg3 Rg1+ 57. Kf4 Rc8 58. h6+ Kg8 59. Rfd3 Rf8+ 60. Rf6 Rf1+ 61. Ke5 Re8+
62. Kd5 Rg1 63. Rd6 Rxg5+ 64. Kc6 Rc8+ 65. Kb7 Rf8 66. R3d5 Rg4 67. Rd4
Rf7+ 68. Kc6 Rff4 69. Rxf4 Rxf4 70. Kc5 Rf5+ 71. Rd5 Rf6 72. b4 Rxh6 73. b5
Rh1 74. b6 Rc1+ 75. Kd6 Kf7 76. b7 Rb1 77. Kc7 Ke6 78. Rc5 1-0

[Event "4th Stage Russian Cup"]
[Site "Samara RUS"]
[Date "2002.07.27"]
[Round "2"]
[White "Kurnosov,I"]
[Black "Loginov,Va"]
[Result "1-0"]
[WhiteElo "2433"]
[BlackElo "2526"]
[EventDate "2002.07.26"]

1. e4 d6 2. d4 Nf6 3. Nc3 g6 4. Be3 c6 5. a4 Qa5 6. Qd2 Nbd7 7. h3 Bg7 8.
g3 O-O 9. Bg2 e5 10. Nge2 Re8 11. O-O exd4 12. Bxd4 Nc5 13. Rfe1 Qc7 14.
Rad1 Nfxe4 15. Nf4 Nxd2 16. Rxe8+ Bf8 17. Ncd5 cxd5 18. Nxd5 Ne6 19. Rxd2
h5 20. Nxc7 Nxc7 21. Re1 Ne6 22. Bc3 Bd7 23. Bxb7 Rb8 24. Bd5 1-0

[Event "4th Stage Russian Cup"]
[Site "Samara RUS"]
[Date "2002.07.27"]
[Round "2"]
[White "Akhmadeev,V"]
[Black "Tishin,P"]
[Result "1/2-1/2"]
[WhiteElo "2414"]
[BlackElo "2513"]
[EventDate "2002.07.26"]

1. e4 e5 2. Nf3 Nc6 3. Bb5 a6 4. Ba4 Nf6 5. Bxc6 dxc6 6. d3 Bc5 7. O-O Bg4
8. h3 Bxf3 9. Qxf3 Qe7 10. Nd2 O-O-O 11. Nc4 Nd7 12. a4 f6 13. Bd2 h5 14.
Rfb1 b5 15. axb5 cxb5 16. Ne3 Bxe3 17. Qxe3 Nb8 18. Qa7 Qd6 19. Be3 Qc6 20.
Ra3 Qb7 21. Qc5 Rd6 22. b4 Rhd8 23. Qc3 Nc6 24. Qb3 Nd4 25. Bxd4 exd4 26.
Qf7 c5 27. Qxh5 cxb4 28. Rxb4 Rc6 29. Ra2 Qc7 30. Rbb2 Kb7 31. Qd1 g5 32.
Qa1 Qb6 33. Qe1 Rc3 34. Qe2 Qd6 35. Qh5 Rdc8 36. g3 R8c7 37. Kg2 R7c5 38.
Qe2 Rc8 39. Qh5 R8c5 40. Qf3 Rc6 41. Qe2 R6c5 42. Qf3 Rc6 43. Qd1 R6c5 44.
Qb1 f5 45. Qe1 f4 46. Qe2 Qc6 47. Qd1 Kb6 48. Qa1 Kb7 49. Qd1 Kb6 50. Qa1
Kb7 51. Qd1 fxg3 52. fxg3 Rf5 53. Qg1 g4 54. hxg4 Rg5 55. Qxd4 Rxg4 56. Qe5
Rg8 57. Qe7+ Kb8 58. Qe5+ Kb7 59. Qe7+ Kb8 60. Qe5+ Kb7 61. Qd5 Qxd5 62.
exd5 Re8 63. Rb4 Rec8 64. Rbb2 R8c5 65. d6 Rc6 66. Kf3 Rxd6 67. g4 Kb6 68.
Rb1 Rdc6 69. Rba1 Kb7 70. g5 Rxc2 71. Rxc2 Rxc2 72. g6 Rc8 73. Ke4 Kb6 74.
Rg1 Rg8 75. g7 Kc5 76. d4+ Kc4 77. Rc1+ Kb3 78. Rc7 a5 79. Ke5 a4 80. Kf6
a3 81. Ra7 b4 82. d5 Kc4 83. d6 b3 84. Kf7 b2 85. Kxg8 b1=Q 86. d7 Qb8+ 87.
Kh7 Qxa7 88. g8=Q+ Kb5 89. Qg4 Kb6 1/2-1/2

[Event "4th Stage Russian Cup"]
[Site "Samara RUS"]
[Date "2002.07.27"]
[Round "2"]
[White "Makarov,M"]
[Black "Vulfson,V"]
[Result "1/2-1/2"]
[WhiteElo "2512"]
[BlackElo "2412"]
[EventDate "2002.07.26"]

1. d4 d5 2. c4 dxc4 3. Nf3 Nf6 4. e3 e6 5. Bxc4 c5 6. O-O a6 7. dxc5 Qxd1
8. Rxd1 Bxc5 9. Nbd2 O-O 10. Nb3 Be7 11. Bd2 Bd7 12. Be2 Nc6 13. Rac1 Rfc8
14. Be1 Nb4 15. Bxb4 Bxb4 16. Ne5 Rxc1 17. Nxc1 Be8 18. Bf3 Rb8 19. Ncd3
Be7 20. Rc1 Nd5 21. Bxd5 exd5 22. Nf3 Bd6 23. Rc3 Kf8 24. Nd4 g6 25. a3 Ke7
26. Nb4 Bxb4 27. axb4 Bd7 28. Kf1 Kd6 29. Ke2 g5 30. Rc1 Rc8 31. Rxc8 Bxc8
32. Kd3 Bd7 33. Nf3 f6 34. Kd4 b6 35. Nd2 Bf5 36. Nf1 Kc6 37. Ng3 Bg6 38.
Ne2 h6 39. Nc3 Bf7 40. b5+ axb5 41. b4 Be6 42. f3 Kd6 43. Nxb5+ Kc6 44. Nc3
Kd6 45. g4 Bf7 46. Nb5+ Kc6 47. Nc3 Kd6 48. f4 Be6 49. f5 Bg8 50. Nb5+ Kc6
51. Na7+ Kb7 52. Nb5 Kc6 53. Nc3 Kd6 54. Ne2 Bf7 55. Nc3 1/2-1/2

[Event "4th Stage Russian Cup"]
[Site "Samara RUS"]
[Date "2002.07.27"]
[Round "2"]
[White "Karpeshov,O"]
[Black "Tunik,G"]
[Result "1/2-1/2"]
[WhiteElo "2408"]
[BlackElo "2505"]
[EventDate "2002.07.26"]

1. d4 Nf6 2. c4 e6 3. Nc3 Bb4 4. e3 O-O 5. Bd3 d5 6. cxd5 exd5 7. Nge2 Re8
8. O-O Bf8 9. Qc2 Nbd7 10. Bd2 a6 11. Rad1 c6 12. Bc1 g6 13. a3 Bg7 14. b4
Nf8 15. Qb3 Ng4 16. h3 Nh6 17. Ng3 f5 18. Bb1 Nf7 19. a4 b5 20. Nge2 Nd6
21. Nf4 Nc4 22. Nd3 Ra7 23. Nc5 Ne6 24. Nxe6 Bxe6 25. Ne2 Bf7 26. Nf4 Bf8
27. Nd3 Bd6 28. Nc5 Bb8 29. Rde1 Qd6 30. f4 a5 31. axb5 cxb5 32. bxa5 Qc6
33. a6 Rae7 34. Rf3 Ba7 35. Qc3 b4 36. Qd3 Bxc5 37. dxc5 Qxc5 38. Rg3 d4
39. Qxf5 Qxf5 40. Bxf5 dxe3 41. Bd3 b3 42. f5 Rd7 43. Bxc4 Bxc4 44. Bxe3
Bd3 45. Rg4 b2 46. Rb4 b1=Q 47. Rexb1 Bxb1 48. a7 Rxa7 1/2-1/2

[Event "4th Stage Russian Cup"]
[Site "Samara RUS"]
[Date "2002.07.27"]
[Round "2"]
[White "Geller,J"]
[Black "Nevostrujev,V"]
[Result "0-1"]
[WhiteElo "2406"]
[BlackElo "2502"]
[EventDate "2002.07.26"]

1. e4 c5 2. Nf3 d6 3. d4 cxd4 4. Nxd4 Nf6 5. Nc3 a6 6. Be2 e5 7. Nb3 Be7 8.
O-O O-O 9. Kh1 Nbd7 10. f4 b5 11. a4 Bb7 12. Nd5 Nxd5 13. exd5 Nf6 14. axb5
axb5 15. Rxa8 Qxa8 16. Bxb5 Nxd5 17. Qe2 Nc7 18. Bd7 Rd8 19. Bh3 Ba6 20. c4
d5 21. Nd2 e4 22. f5 Ne8 23. g4 e3 24. Nf3 Bxc4 25. Qxe3 d4 26. Qxe7 Bxf1
27. Bxf1 Qxf3+ 28. Kg1 Qxg4+ 29. Kh1 Qxf5 30. Bc4 d3 31. Kg1 d2 32. Bxd2
Qg4+ 33. Kh1 Qxc4 0-1

[Event "4th Stage Russian Cup"]
[Site "Samara RUS"]
[Date "2002.07.27"]
[Round "2"]
[White "Krishilovsky,A"]
[Black "Kovalevskaya,E"]
[Result "1/2-1/2"]
[WhiteElo "2040"]
[BlackElo "2486"]
[EventDate "2002.07.26"]

1. d4 Nf6 2. Nf3 g6 3. c4 Bg7 4. Nc3 O-O 5. e4 d6 6. Be2 e5 7. d5 Nbd7 8.
Bg5 h6 9. Bh4 g5 10. Bg3 Nh5 11. h4 g4 12. Nd2 Nxg3 13. fxg3 h5 14. O-O Bh6
15. Bd3 c6 16. Kh2 Nf6 17. Qe2 Ne8 18. Kh1 Bd7 19. c5 dxc5 20. Nc4 Qe7 21.
Ne3 Rd8 22. Rad1 Bc8 23. Bc2 Bxe3 24. Qxe3 Kg7 25. Bb3 f6 26. dxc6 Rxd1 27.
Rxd1 bxc6 28. Bc4 Nc7 29. Na4 Nb5 30. Bxb5 cxb5 31. Nxc5 Rd8 32. Rxd8 Qxd8
33. b4 Qd4 34. Qa3 a6 35. Qa5 Qd6 36. Kh2 Kg6 37. a4 bxa4 38. Qxa4 Kf7 39.
Qa2+ Be6 40. Qxa6 Qxa6 41. Nxa6 Ke7 42. Kg1 Kd6 43. Kf2 Bc8 44. b5 Bd7 45.
b6 Bc8 46. Nc7 Bb7 47. Ke3 Bc6 48. Kd3 Kd7 49. Ke3 Kd6 50. Na6 Bb7 51. Nc7
Bc6 1/2-1/2

[Event "4th Stage Russian Cup"]
[Site "Samara RUS"]
[Date "2002.07.27"]
[Round "2"]
[White "Torbin,K"]
[Black "Iskusnyh,S"]
[Result "1/2-1/2"]
[WhiteElo "2388"]
[BlackElo "2485"]
[EventDate "2002.07.26"]

1. Nf3 d5 2. d4 Nf6 3. c4 c6 4. Qc2 dxc4 5. Qxc4 Bf5 6. Nc3 e6 7. g3 Be7 8.
Bg2 Nbd7 9. O-O O-O 10. e3 Ne4 11. Nd2 Nxd2 12. Bxd2 e5 13. e4 exd4 14.
exf5 dxc3 15. Bxc3 Bf6 16. Rad1 Qc7 17. Bb4 Rfe8 18. Bd6 Qa5 19. g4 Nb6 20.
Qb3 Re2 21. Ba3 Rae8 22. Bf3 Re1 23. Rfxe1 Rxe1+ 24. Kg2 Re8 25. Bd6 Rd8
26. a3 Qa4 27. Qxa4 Nxa4 28. b3 Nc3 29. Re1 h5 30. Be7 Rd7 31. Bxf6 gxf6
32. gxh5 Nb5 33. a4 Nd4 34. Rd1 c5 35. Rd3 b6 36. Be4 Kg7 37. Kg3 Kh6 38.
Kf4 a5 39. Bf3 Rd8 40. Bd1 Rd5 41. Bg4 Rd6 42. Bf3 Rd7 43. Bd1 Rd8 44. Bf3
Re8 45. Be4 Ne2+ 46. Ke3 Kxh5 47. Rd6 Kg5 48. f3 Nc3 49. Kd3 Nxe4 50. fxe4
Kf4 51. Rxb6 Rxe4 52. Rxf6 Rb4 53. Kc3 c4 54. bxc4 Rxa4 55. Kd4 Ra2 56. h4
Rd2+ 57. Kc5 Rd7 58. Kc6 Re7 59. Kb5 Ke5 60. Rb6 Kxf5 61. Kxa5 Re4 62. c5
Rxh4 63. c6 Rc4 64. Ka6 Ke4 65. Kb7 f5 66. c7 Rxc7+ 67. Kxc7 f4 68. Kd6 f3
69. Rb1 f2 70. Rf1 1/2-1/2

[Event "4th Stage Russian Cup"]
[Site "Samara RUS"]
[Date "2002.07.27"]
[Round "2"]
[White "Skatchkov,P"]
[Black "Simantsev,M"]
[Result "1/2-1/2"]
[WhiteElo "2485"]
[BlackElo "2401"]
[EventDate "2002.07.26"]

1. Nf3 Nf6 2. g3 b6 3. Bg2 Bb7 4. c4 c5 5. O-O e6 6. Nc3 Be7 7. d4 cxd4 8.
Nxd4 Bxg2 9. Kxg2 a6 10. b3 d5 11. cxd5 Nxd5 12. Nxd5 Qxd5+ 13. Nf3 Qb7 14.
Bb2 O-O 15. Rc1 Nd7 16. Qd3 Rfd8 17. Rfd1 Nf6 18. Qc4 Rxd1 19. Rxd1 Rc8 20.
Qf4 h6 21. Rc1 Rxc1 22. Qxc1 b5 23. Kg1 Nd5 1/2-1/2

[Event "4th Stage Russian Cup"]
[Site "Samara RUS"]
[Date "2002.07.27"]
[Round "2"]
[White "Kostenko,P"]
[Black "Kosintseva,N"]
[Result "1-0"]
[WhiteElo "2482"]
[BlackElo "2394"]
[EventDate "2002.07.26"]

1. c4 f5 2. g3 Nf6 3. Bg2 g6 4. d4 Bg7 5. Nh3 Nc6 6. Nf4 e5 7. dxe5 Nxe5 8.
Qc2 O-O 9. O-O d6 10. b3 g5 11. Nd5 Nxd5 12. Bxd5+ Kh8 13. Nc3 f4 14. Bb2
Qf6 15. f3 Qh6 16. Rf2 c6 17. Be4 fxg3 18. hxg3 Qh3 19. Rh2 Qxg3+ 20. Kh1
Bh3 21. Rg1 Qh4 22. Nd1 g4 23. Nf2 h5 24. Nxh3 g3 25. Rxg3 Qxg3 26. Qd1 Rf6
27. Bd4 Bh6 28. Bf2 Qg7 29. Bh4 Re6 30. Bf5 Ng6 31. Rg2 Qf7 32. Bxe6 Qxe6
33. Ng5 Qf6 34. Bf2 Bxg5 35. Qg1 Bh4 36. Rxg6 Bxf2 37. Rxf6 Bxg1 38. Kxg1
Rd8 39. Rf7 d5 40. cxd5 Rxd5 41. a4 b5 42. Rxa7 Rd1+ 43. Kg2 Rb1 44. a5
Rxb3 45. e4 h4 46. a6 h3+ 47. Kh2 Ra3 48. e5 Kg8 49. e6 Kf8 50. f4 Rf3 51.
Rf7+ 1-0

[Event "4th Stage Russian Cup"]
[Site "Samara RUS"]
[Date "2002.07.27"]
[Round "2"]
[White "Iliushkin,E"]
[Black "Zakharevich,I"]
[Result "1/2-1/2"]
[WhiteElo "2292"]
[BlackElo "2463"]
[EventDate "2002.07.26"]

1. d4 g6 2. c4 Bg7 3. Nf3 d6 4. e4 e5 5. Nc3 exd4 6. Nxd4 Ne7 7. Be3 Nbc6
8. Be2 O-O 9. O-O f5 10. exf5 Bxd4 11. Bxd4 Nxf5 12. Be3 Nxe3 13. fxe3 Be6
14. Qb3 Rb8 15. Rxf8+ Kxf8 16. Nb5 Qe7 17. Qc3 Kg8 18. Nd4 Ne5 19. Rc1 Re8
20. c5 Bd5 21. cxd6 Qg5 22. g3 cxd6 23. Rf1 Ng4 24. e4 Bxe4 25. Bxg4 Qxg4
26. Qb3+ Kh8 27. Qf7 Qc8 28. Qf6+ Kg8 29. Qf7+ Kh8 30. Qf6+ 1/2-1/2

[Event "4th Stage Russian Cup"]
[Site "Samara RUS"]
[Date "2002.07.27"]
[Round "2"]
[White "Nikitin,An"]
[Black "Kotanjian,T"]
[Result "1-0"]
[WhiteElo "2471"]
[BlackElo "2388"]
[EventDate "2002.07.26"]

1. d4 d5 2. c4 c6 3. Nf3 Nf6 4. Qc2 dxc4 5. Qxc4 Bf5 6. g3 e6 7. Bg2 Be7 8.
O-O O-O 9. Bd2 Nbd7 10. Rd1 Rc8 11. b4 b6 12. a4 Ne4 13. Be1 c5 14. dxc5
bxc5 15. b5 Nb6 16. Qc1 Nd5 17. Nfd2 Bg5 18. e3 Nd6 19. Ra3 c4 20. Nf3 Bxb1
21. Qxb1 c3 22. Ra2 Qc7 23. Nxg5 c2 24. Rxc2 Qxc2 25. Qxc2 Rxc2 26. e4 h6
27. exd5 hxg5 28. dxe6 Nc8 29. Bb4 Re8 30. Bc6 Rxc6 31. exf7+ Kxf7 32. bxc6
Re4 33. Rd7+ Ke6 34. Bd2 g4 35. Rd8 Ne7 36. c7 Rc4 37. Bf4 Rc6 38. Kg2 g5
39. Bxg5 Rxc7 40. Re8 1-0

[Event "4th Stage Russian Cup"]
[Site "Samara RUS"]
[Date "2002.07.27"]
[Round "2"]
[White "Grachev,B"]
[Black "Shibaev,A"]
[Result "1-0"]
[WhiteElo "2466"]
[BlackElo "2306"]
[EventDate "2002.07.26"]

1. d4 d5 2. c4 e6 3. Nc3 Nf6 4. cxd5 exd5 5. Bg5 Be7 6. e3 c6 7. Qc2 O-O 8.
Bd3 Nbd7 9. Nf3 Re8 10. O-O h6 11. Bf4 Nf8 12. h3 Ne6 13. Bh2 Bd6 14. Ne5
a6 15. Rad1 Qc7 16. f4 c5 17. Be2 b5 18. Bxb5 axb5 19. Nxb5 Qb6 20. Nxd6
Qxd6 21. f5 Ng5 22. Nxf7 Qe7 23. Nd6 Rd8 24. Qxc5 Qxe3+ 25. Kh1 Nge4 26.
Qc7 Rf8 27. Nxe4 Qxe4 28. Rde1 Qxd4 29. Re7 Ne8 30. Be5 Nxc7 31. Rxg7+ Kh8
32. Bxd4 Ra4 33. Rf7+ Kg8 34. Rg7+ Kh8 35. b4 Na6 36. a3 Bxf5 37. Rf7+ Kg8
38. Rxf8+ Kxf8 39. Rxf5+ Ke7 40. Rxd5 Rxa3 41. b5 1-0

[Event "4th Stage Russian Cup"]
[Site "Samara RUS"]
[Date "2002.07.27"]
[Round "2"]
[White "Solovjov,S"]
[Black "Sunjaikin,B"]
[Result "1/2-1/2"]
[WhiteElo "2457"]
[BlackElo "2219"]
[EventDate "2002.07.26"]

1. e4 c5 2. Nf3 e6 3. d4 cxd4 4. Nxd4 a6 5. Nc3 Qc7 6. f4 b5 7. Bd3 Bb7 8.
Qf3 Nf6 9. Be3 Bb4 10. O-O O-O 11. Kh1 Bxc3 12. bxc3 d6 13. Nb3 Nbd7 14.
Bd4 e5 15. fxe5 Nxe5 16. Qf5 Rae8 17. Rae1 d5 18. Nc5 dxe4 19. Nxe4 Bxe4
20. Bxe4 Neg4 21. Rf4 Nxe4 22. Rexe4 Rxe4 23. Qxe4 f5 24. Qd5+ Qf7 25.
Qxf7+ Rxf7 26. h3 Nh6 27. Bb6 Rf6 28. Ba5 Rc6 29. Bb4 Kf7 30. Rd4 Ke6 31.
Kg1 Nf7 32. Kf2 Nd6 33. Ke2 Ne4 34. c4 bxc4 35. g4 g6 36. gxf5+ gxf5 37.
Rd8 Ke5 38. Re8+ Re6 39. Rc8 Rh6 40. Re8+ Re6 41. Rc8 1/2-1/2

[Event "4th Stage Russian Cup"]
[Site "Samara RUS"]
[Date "2002.07.27"]
[Round "2"]
[White "Kondenko,A"]
[Black "Yurtaev,L"]
[Result "0-1"]
[WhiteElo "2335"]
[BlackElo "2552"]
[EventDate "2002.07.26"]

1. e4 e5 2. Bc4 Nf6 3. d3 Nc6 4. Nf3 Be7 5. Nbd2 O-O 6. O-O h6 7. Re1 d6 8.
Nf1 Na5 9. a4 Nxc4 10. dxc4 Be6 11. b3 Nh7 12. Ng3 Ng5 13. Qd3 g6 14. c5
Kg7 15. Bb2 Nxf3+ 16. gxf3 f6 17. f4 dxc5 18. Qe3 exf4 19. Qxf4 Kh7 20.
Rad1 Bd6 21. Qe3 Qe7 22. f4 Rae8 23. c4 Bg4 24. Rd3 Qe6 25. Bc1 f5 26. e5
Be7 27. Ne2 Rg8 28. h3 Bh5 29. Kh2 g5 30. Ng3 Bg6 31. Qf3 c6 32. Red1 g4
33. hxg4 fxg4 34. Qf1 Bxd3 35. Qxd3+ Kh8 36. Qe4 Bh4 37. Nf5 Qg6 38. Rd6
Bf6 39. Ng3 Qxe4 40. Nxe4 Bg7 41. Be3 Rxe5 42. fxe5 Bxe5+ 43. Kg2 Bxd6 44.
Nxd6 b6 45. Bxh6 Kh7 46. Bf4 Kg6 47. Kg3 Kf6 48. a5 Ke6 49. axb6 axb6 50.
Ne4 Rg7 51. Bb8 Rd7 52. Bf4 Rd4 53. Nf2 Kf5 54. Bc7 b5 55. Bb6 bxc4 56.
Bxc5 Rd5 57. b4 c3 58. Nxg4 Rxc5 59. bxc5 Ke4 0-1

[Event "4th Stage Russian Cup"]
[Site "Samara RUS"]
[Date "2002.07.27"]
[Round "2"]
[White "Azarov,S"]
[Black "Abrashkin,B"]
[Result "1/2-1/2"]
[WhiteElo "2532"]
[BlackElo "2379"]
[EventDate "2002.07.26"]

1. e4 Nf6 2. e5 Nd5 3. d4 d6 4. Nf3 dxe5 5. Nxe5 Nd7 6. Nf3 e6 7. Be2 c5 8.
O-O a6 9. Re1 cxd4 10. Nxd4 Bc5 11. c4 N5f6 12. Nc3 O-O 13. Be3 Qc7 14. a3
b6 15. b4 Bd6 16. h3 Bb7 17. Qb3 Rac8 18. Rac1 Bh2+ 19. Kh1 Bf4 1/2-1/2

[Event "4th Stage Russian Cup"]
[Site "Samara RUS"]
[Date "2002.07.27"]
[Round "2"]
[White "Lysyj,I"]
[Black "Fominyh,A"]
[Result "0-1"]
[WhiteElo "2382"]
[BlackElo "2530"]
[EventDate "2002.07.26"]

1. d4 d5 2. Nf3 Nf6 3. c4 c6 4. e3 Bg4 5. Nc3 e6 6. Qb3 Qb6 7. Ne5 Bf5 8.
Be2 Nfd7 9. Nxd7 Nxd7 10. Bd2 Be7 11. O-O O-O 12. Rac1 Rac8 13. Rfd1 h6 14.
Be1 a6 15. Qxb6 Nxb6 16. c5 Nd7 17. Na4 Bd8 18. Bd3 Re8 19. Rc3 Bxd3 20.
Rcxd3 e5 21. Rb3 Rb8 22. f3 Bc7 23. Bg3 Kf8 24. Kf1 f5 25. dxe5 Bxe5 26.
Bxe5 Rxe5 27. Rd4 Ke7 28. Kf2 Kd8 29. h4 Kc7 30. g4 fxg4 31. Rxg4 Re7 32.
Rf4 Ne5 33. Nb6 Rbe8 34. Kg3 Nf7 35. Rd3 Ne5 36. Rc3 Ng6 37. Rg4 Nf8 38. b4
Nh7 39. Kf2 Nf6 40. Rf4 Re5 41. Rd3 Rf8 42. Kg2 g5 43. hxg5 hxg5 44. Rfd4
g4 45. Rf4 gxf3+ 46. Kxf3 Rh5 47. a3 Rh3+ 48. Kg2 Rh6 49. Rf3 Rg6+ 50. Rg3
Rxg3+ 51. Kxg3 Ne4+ 52. Kh2 Rf2+ 53. Kg1 Rc2 54. Rd1 Kd8 55. Rf1 Ke7 56.
Rf4 Ke6 57. Rf8 Ng3 58. Rb8 Kf5 59. Rxb7 Ke4 60. Nc8 Kxe3 61. Na7 d4 62.
Nxc6 d3 63. Rd7 d2 64. a4 Ne4 65. Nb8 Nc3 66. Rxd2 Rxd2 67. Nxa6 Kf3 0-1

[Event "4th Stage Russian Cup"]
[Site "Samara RUS"]
[Date "2002.07.27"]
[Round "2"]
[White "Bezgodov,A"]
[Black "Kazancev,V"]
[Result "1-0"]
[WhiteElo "2518"]
[BlackElo "2343"]
[EventDate "2002.07.26"]

1. e4 c5 2. Nf3 d6 3. c3 Nf6 4. Bd3 Nc6 5. Bc2 Bg4 6. h3 Bh5 7. d4 cxd4 8.
cxd4 Bxf3 9. gxf3 e6 10. d5 exd5 11. exd5 Ne5 12. f4 Ned7 13. Nc3 Be7 14.
Be3 O-O 15. O-O Nb6 16. Kh2 Rc8 17. Rg1 Rxc3 18. bxc3 Nbxd5 19. Bd2 Qc7 20.
Qf3 Rc8 21. Rg5 Qc6 22. Qg3 Bf8 23. Rg1 g6 24. f5 h6 25. fxg6 hxg5 26. Qxg5
fxg6 27. Bxg6 Qc5 28. Be3 Nxe3 29. Qxf6 Qe5+ 30. Qxe5 dxe5 31. Bf5+ Kf7 32.
Bxc8 Nd5 33. c4 Nb4 34. Bxb7 Nxa2 35. Ra1 1-0

[Event "4th Stage Russian Cup"]
[Site "Samara RUS"]
[Date "2002.07.27"]
[Round "2"]
[White "Shinkevich,V"]
[Black "Blatov,I"]
[Result "1-0"]
[WhiteElo "2487"]
[BlackElo "2324"]
[EventDate "2002.07.26"]

1. d4 Nf6 2. Nf3 e6 3. c4 Bb4+ 4. Bd2 Qe7 5. g3 Nc6 6. Nc3 Bxc3 7. Bxc3 Ne4
8. Rc1 Nxc3 9. Rxc3 d6 10. Bg2 O-O 11. O-O e5 12. d5 Nb8 13. Nd2 f5 14. f4
e4 15. g4 g6 16. gxf5 gxf5 17. Kh1 h6 18. Rg1 Kh7 19. Re3 Nd7 20. Nxe4 fxe4
21. Bxe4+ Kh8 22. Qd4+ Qf6 23. Rh3 Ne5 24. fxe5 dxe5 25. Rxh6+ Qxh6 26.
Qxe5+ Rf6 27. Rf1 Bf5 28. Bxf5 Qg5 29. Qc3 Raf8 30. Rf3 Kg8 31. Rg3 Rxf5
32. Qe3 Qxg3 33. hxg3 1-0